000 00184 a2200097 4500
020 _a9781402239335
041 _aeng
100 _aMalone,Michael
245 _aHandling sin
942 _cBK
999 _c14862
_d14862